00306nam a2200133Ia 4500003000400000005001700004008004100021020001900062040002700081100001500108245002300123260001700146260000900163OSt20240219154351.0170523s9999 xx 000 0 und d a978-8121920414 ciimt university meerut aTONDON- BN 0aPRACTICAL AUDITING bSULTAN CHAND c1996